000 00584nam a2200193Ia 4500
003 GCL
008 140319s9999 xx 000 0 ara d
040 _aGCL /
_cGCL
082 0 4 _a219.3
_bج ا
100 1 _aجبران شامية
245 1 0 _aالاسلام هل يقدم للعالم نظرية للحكم /
_cجبران شامية
300 _a493 ص
490 _a
650 0 4 _aالاسلام
650 0 4 _aالاسلام والاصلاح السياسى
650 0 4 _aالاسلام - تاريخ
650 0 4 _aنظرية الحكم فىالاسلام
942 _2ddc
_cBK
999 _c48014
_d48014